<?xml version="1.0" encoding="UTF-8"?>
<record
    xmlns:xsi="http://www.w3.org/2001/XMLSchema-instance"
    xsi:schemaLocation="http://www.loc.gov/MARC21/slim http://www.loc.gov/standards/marcxml/schema/MARC21slim.xsd"
    xmlns="http://www.loc.gov/MARC21/slim">

  <leader>00397nam a2200133Ia 4500</leader>
  <controlfield tag="008">151001s9999||||xx |||||||||||||| ||und||</controlfield>
  <datafield tag="100" ind1=" " ind2=" ">
    <subfield code="a">&#x915;&#x943;&#x937;&#x94D;&#x923;&#x924;&#x940;&#x930;&#x94D;&#x925;  </subfield>
  </datafield>
  <datafield tag="245" ind1=" " ind2=" ">
    <subfield code="a">&#x935;&#x948;&#x926;&#x93F;&#x915; &#x917;&#x923;&#x93F;&#x924; &#x92D;&#x93E;&#x917; &#x967; </subfield>
  </datafield>
  <datafield tag="250" ind1=" " ind2=" ">
    <subfield code="a">1</subfield>
  </datafield>
  <datafield tag="260" ind1=" " ind2=" ">
    <subfield code="b">"&#x926;&#x93F;&#x932;&#x940;&#x92A; &#x926;&#x924;&#x94D;&#x924;&#x93E;&#x924;&#x94D;&#x930;&#x92F; &#x915;&#x941;&#x932;&#x915;&#x930;&#x94D;&#x923;&#x940; ,&#x92A;&#x941;&#x923;&#x947;"</subfield>
  </datafield>
  <datafield tag="260" ind1=" " ind2=" ">
    <subfield code="c">1982</subfield>
  </datafield>
  <datafield tag="300" ind1=" " ind2=" ">
    <subfield code="a">68</subfield>
  </datafield>
  <datafield tag="365" ind1=" " ind2=" ">
    <subfield code="b">21</subfield>
  </datafield>
  <datafield tag="999" ind1=" " ind2=" ">
    <subfield code="c">999359</subfield>
    <subfield code="d">999356</subfield>
  </datafield>
</record>
